False Friends in lingua inglese - Statistics

Statistiche generali
  • Questo quiz è stato fatto 184 volte
  • Il punteggio medio è 7 su 20
Statistiche sulle risposte
False Friend inglese Traduzione in italiano % Corretto
Parents Genitori
89%
Chest Petto/Torace/Seno/Cassa/Cassapanca/Cassettone/Scrigno/Forziere
82%
Camera Macchina fotografica
65%
Argument Litigio/Discussione
59%
Canteen Mensa/Borraccia
43%
Confetti Coriandoli
42%
Mansion Villa
42%
Stamp Francobollo/Timbro
37%
Ostrich Struzzo
32%
Candid Sincero/Schietto/Franco
29%
In fact In realtà/Di fatto/Anzi/In effetti
28%
Delusion Illusione/Chimera/Allucinazione/Visione
22%
Silicon Silicio
22%
Lunatic Pazzo/Matto
16%
Recipient Destinatario/Ricevente
11%
Mare Cavalla
9%
Estate Proprietà immobiliare/Tenuta/Eredità/Complesso residenziale
9%
Comprehensive Completo/Esauriente/Onnicomprensivo
8%
Vicious Violento/Crudele/Feroce/Brutale/Aggressivo/Maligno
8%
Egregious Oltraggioso/Vergognoso/Scioccante/Atroce/Orrendo
3%
Nessun quiz corrispondente trovato
Distribuzione punteggi
Percentuale di utenti per punteggio
Percentile per numero di risposta
I tuoi punteggi nel tempo
Non hai fatto questo quiz